000 00753nam a22002657a 4500
003 CHAP
005 20220329142550.0
008 011127s1990 mx a r 00010 spa d
010 _a85011
011 _a85983
035 _a96521
040 _cCHAP
090 _aFolleto 16204
245 0 0 _aAcción fungicida de la resina de gobernadora Larrea tridentata
_c/por
260 _aMéxico :
_c[199?]
300 _a71 h. :
_bilus.
590 _aBATCH-UPD
_b10
_c20130110
_lUCH01
_h1509
590 _aCONVERSION
_b10
_c20130109
_lUCH01
_h1347
650 1 4 _aFungicidas.
_944044
650 1 4 _aLarrea tridentata.
_964959
901 _aBK
905 _aMayto Villalobos S.
942 _cFOLL
949 _aFolleto 16204
_bBC
_cFOLL
_d33724002056397
_eTS1
_i96521
_sb
999 _c85011
_d85011